000
00231nam a2200097Ia 4500
008
170620s9999 xx 000 0 und d
100
_a
vijaykant
245
0
_a
GANIT KA KAKSHA SHIKSHAN
260
_b
Radha Prakashan Mandir Agra
260
_c
2017
300
_a
151
999
_c
28360
_d
28360